Normal view
MARC view
- URDU LITERATURE-DRAMA.URDU ADAB-CHOTTA SHEHAR BARAY LOG
Entry Topical Term
001 - CONTROL NUMBER
- control field: 62957
003 - CONTROL NUMBER IDENTIFIER
- control field: NUST
005 - DATE AND TIME OF LATEST TRANSACTION
- control field: 20210628203029.0
008 - FIXED-LENGTH DATA ELEMENTS
- fixed length control field: 210628|| aca||aabn | a|a d
040 ## - CATALOGING SOURCE
- Original cataloging agency: NUST
- Transcribing agency: NUST
150 ## - HEADING--TOPICAL TERM
- Topical term or geographic name entry element: URDU LITERATURE-DRAMA.URDU ADAB-CHOTTA SHEHAR BARAY LOG
670 ## - SOURCE DATA FOUND
- Source citation: Work cat.: (NUST): Bano Qudsia 9437, Chotta shehar baray log, 2007
